Klassifikacionnyje modeli v buchgalterskom učete

Na minha lista:
Detalhes bibliográficos
Autor principal: Šapošnikov, Aleksandr Arsen'jevič
Formato: Livro
Idioma:russo
Publicado em: Moskva Finansy i statistika 1982
Tags: Adicionar Tag
Sem tags, seja o primeiro a adicionar uma tag!

MARC

LEADER 00000nam a2200000 4500
001 c135008
005 20041019155303.0
041 0 |a rus 
044 |a RU 
245 1 0 |a Klassifikacionnyje modeli v buchgalterskom učete  |c Aleksandr Arsen'jevič Šapošnikov 
264 1 |a Moskva  |b Finansy i statistika  |c 1982 
300 |a 140 s. 
100 1 |a Šapošnikov, Aleksandr Arsen'jevič